Statistics for Largest Cities in the World Ending in 'm'

Click here to take the quiz!

General Stats

  • This quiz has been taken 131 times
  • The average score is 12 of 25

Answer Stats

#PopulationCountryAnswer% Correct
62,500,000NetherlandsAmsterdam
99%
16,500,000SudanKhartoum
99%
43,150,000United KingdomBirmingham
97%
19749,495United StatesBirmingham
97%
72,250,000SwedenStockholm
97%
33,275,000NetherlandsRotterdam
95%
26,450,000TanzaniaDar es Salaam
92%
161,234,325Israel/PalestineJerusalem
86%
72,250,000BrazilBelém
73%
52,575,000Saudi ArabiaDammam
57%
121,580,000GermanyMannheim
55%
141,380,000United KingdomNottingham
53%
151,320,000IranQom
51%
181,110,000RussiaPerm
46%
25364,454GermanyBochum
23%
131,450,000IndonesiaBatam
19%
171,140,000IndiaSalem
15%
111,679,754IndiaThiruvananthapuram
9%
23410,543TurkeyErzurum
8%
72,250,000IndiaVishakhapatnam
7%
20610,350IndiaBelgaum
3%
21510,857EgyptFayoum
3%
101,699,060IndiaMalappuram
2%
24402,843IndonesiaMataram
2%
22427,967IndiaKāyamkulam
1%

Score Distribution

Percentile by Number Answered

Percent of People with Each Score

Your Score History

You have not taken this quiz